Nyitott Szellemi Műhely Szegeden
Elmentve itt :
| Dokumentumtípus: | Cikk |
|---|---|
| Megjelent: |
1992-09-28
|
| Sorozat: | Délmagyarország
82 No. 228 |
| Kulcsszavak: | Egyetemi klub |
| Online Access: | http://dmarchiv.bibl.u-szeged.hu/82056 |
| LEADER | 00402nab a2200145 i 4500 | ||
|---|---|---|---|
| 001 | delm82056 | ||
| 005 | 20191001152939.0 | ||
| 008 | 191001s1992 hu o 0|| hun d | ||
| 040 | |a SZTE Délmagyarország Archívum |b hun | ||
| 041 | |a hun | ||
| 245 | 0 | 0 | |a Nyitott Szellemi Műhely Szegeden |h [elektronikus dokumentum] |
| 260 | |c 1992-09-28 | ||
| 300 | |a 5 | ||
| 490 | 0 | |a Délmagyarország |v 82 No. 228 | |
| 695 | |a Egyetemi klub | ||